<?xml version="1.0" encoding="UTF-8"?>
<record
    xmlns:xsi="http://www.w3.org/2001/XMLSchema-instance"
    xsi:schemaLocation="http://www.loc.gov/MARC21/slim http://www.loc.gov/standards/marcxml/schema/MARC21slim.xsd"
    xmlns="http://www.loc.gov/MARC21/slim">

  <leader>02084nam a2200373 i 4500</leader>
  <controlfield tag="003">CO-BoRNBP</controlfield>
  <controlfield tag="005">20220317000213.0</controlfield>
  <controlfield tag="007">ta</controlfield>
  <controlfield tag="008">210803s2009    ck ao sgr     s   0 spa d</controlfield>
  <datafield tag="020" ind1=" " ind2=" ">
    <subfield code="a">9789589718193</subfield>
  </datafield>
  <datafield tag="040" ind1=" " ind2=" ">
    <subfield code="a">CO-BoRNBP</subfield>
    <subfield code="b">spa</subfield>
    <subfield code="c">CO-BoRNBP</subfield>
    <subfield code="e">rda</subfield>
  </datafield>
  <datafield tag="041" ind1="0" ind2=" ">
    <subfield code="a">spa</subfield>
  </datafield>
  <datafield tag="082" ind1="0" ind2="4">
    <subfield code="a">634.304</subfield>
    <subfield code="b">D87m</subfield>
    <subfield code="2">22</subfield>
  </datafield>
  <datafield tag="100" ind1="1" ind2=" ">
    <subfield code="a">Dur&#xE1;n Ram&#xED;rez, Felipe</subfield>
    <subfield code="e">autor</subfield>
  </datafield>
  <datafield tag="245" ind1="1" ind2="0">
    <subfield code="a">Manual de c&#xED;tricos</subfield>
    <subfield code="b">especies, variedades, cultivos, injertos</subfield>
    <subfield code="c">Felipe Dur&#xE1;n Ram&#xED;rez ; fotograf&#xED;a de Eduardo Duran Naranjo ... [y otros tres]</subfield>
  </datafield>
  <datafield tag="250" ind1=" " ind2=" ">
    <subfield code="a">Primera edici&#xF3;n</subfield>
  </datafield>
  <datafield tag="264" ind1=" " ind2="1">
    <subfield code="a">Bogot&#xE1;, Colombia</subfield>
    <subfield code="b">Grupo Latino</subfield>
    <subfield code="c">2009</subfield>
  </datafield>
  <datafield tag="300" ind1=" " ind2=" ">
    <subfield code="a">60 p&#xE1;ginas</subfield>
    <subfield code="b">ilustraciones y fotograf&#xED;as a color</subfield>
    <subfield code="c">23 cm</subfield>
  </datafield>
  <datafield tag="336" ind1=" " ind2=" ">
    <subfield code="a">texto</subfield>
    <subfield code="b">txt</subfield>
    <subfield code="2">rdacontent</subfield>
  </datafield>
  <datafield tag="337" ind1=" " ind2=" ">
    <subfield code="a">sin mediaci&#xF3;n</subfield>
    <subfield code="b">n</subfield>
    <subfield code="2">rdamedia</subfield>
  </datafield>
  <datafield tag="338" ind1=" " ind2=" ">
    <subfield code="a">volumen</subfield>
    <subfield code="b">nc</subfield>
    <subfield code="2">rdacarrier</subfield>
  </datafield>
  <datafield tag="490" ind1="0" ind2=" ">
    <subfield code="a">Granja integral</subfield>
  </datafield>
  <datafield tag="504" ind1=" " ind2=" ">
    <subfield code="a">Incluye referencias bibliogr&#xE1;ficas</subfield>
  </datafield>
  <datafield tag="505" ind1="1" ind2=" ">
    <subfield code="t">Generalidades</subfield>
    <subfield code="t">Origen y distribuci&#xF3;n</subfield>
    <subfield code="t">Clasificaci&#xF3;n y descripci&#xF3;n bot&#xE1;nica</subfield>
    <subfield code="t">Especies principales (patrones)</subfield>
    <subfield code="t">Variedades de las mandarinas</subfield>
    <subfield code="t">Importancia de la nutrici&#xF3;n en c&#xED;tricos</subfield>
    <subfield code="t">An&#xE1;lisis del jugo</subfield>
    <subfield code="t">Comparaci&#xF3;n del color</subfield>
    <subfield code="t">Tama&#xF1;o de los frutos</subfield>
    <subfield code="t">Necesidad de suelo profundo</subfield>
    <subfield code="t">Competencia por nutrientes y agua</subfield>
    <subfield code="t">Agroecolog&#xED;a de los c&#xED;tricos</subfield>
    <subfield code="t">Pr&#xE1;cticas culturales</subfield>
    <subfield code="t">M&#xE9;todos de injerto</subfield>
    <subfield code="t">Densidad y marcos de plantaci&#xF3;n en c&#xED;tricos</subfield>
    <subfield code="t">Formaci&#xF3;n del &#xE1;rbol</subfield>
    <subfield code="t">sistemas de fructificaci&#xF3;n y podas</subfield>
    <subfield code="t">Riego y abono en c&#xED;tricos</subfield>
    <subfield code="t">Recolecci&#xF3;n</subfield>
    <subfield code="t">Malezas</subfield>
    <subfield code="t">Plagas y enfermedades que afectan a los c&#xED;tricos</subfield>
    <subfield code="t">Control biol&#xF3;gico de plagas de los c&#xED;tricos </subfield>
    <subfield code="t">Industrializaci&#xF3;n de los c&#xED;tricos</subfield>
    <subfield code="t">Valor nutritivo</subfield>
  </datafield>
  <datafield tag="521" ind1=" " ind2=" ">
    <subfield code="a">Recomendado para un p&#xFA;blico adulto </subfield>
  </datafield>
  <datafield tag="650" ind1="1" ind2="7">
    <subfield code="a">Frutas c&#xED;tricas</subfield>
    <subfield code="v">Manuales</subfield>
    <subfield code="2">ARMARC</subfield>
  </datafield>
  <datafield tag="650" ind1="1" ind2="7">
    <subfield code="a">Frutas c&#xED;tricas</subfield>
    <subfield code="x">Cultivos</subfield>
    <subfield code="v">Manuales</subfield>
    <subfield code="2">ARMARC</subfield>
  </datafield>
  <datafield tag="650" ind1="1" ind2="7">
    <subfield code="a">Frutas c&#xED;tricas</subfield>
    <subfield code="x">Producci&#xF3;n</subfield>
    <subfield code="v">Manuales</subfield>
    <subfield code="2">ARMARC</subfield>
  </datafield>
  <datafield tag="650" ind1="1" ind2="7">
    <subfield code="a">Frutas c&#xED;tricas</subfield>
    <subfield code="x">Mercadeo</subfield>
    <subfield code="v">Manuales</subfield>
    <subfield code="2">ARMARC</subfield>
  </datafield>
  <datafield tag="700" ind1="1" ind2=" ">
    <subfield code="a">Dur&#xE1;n Naranjo, Eduardo</subfield>
    <subfield code="e">fotogr&#xE1;fo</subfield>
    <subfield code="9">204828</subfield>
  </datafield>
  <datafield tag="700" ind1="1" ind2=" ">
    <subfield code="a"> Dur&#xE1;n Naranjo, Jonathan</subfield>
    <subfield code="e">fot&#xF3;grafo</subfield>
    <subfield code="9">204829</subfield>
  </datafield>
  <datafield tag="700" ind1="1" ind2=" ">
    <subfield code="a">Ram&#xED;rez, Jaime</subfield>
    <subfield code="e">fot&#xF3;grafo</subfield>
    <subfield code="9">204830</subfield>
  </datafield>
  <datafield tag="942" ind1=" " ind2=" ">
    <subfield code="2">ddc</subfield>
    <subfield code="c">BK</subfield>
  </datafield>
  <datafield tag="999" ind1=" " ind2=" ">
    <subfield code="c">3389</subfield>
    <subfield code="d">3389</subfield>
  </datafield>
  <datafield tag="952" ind1=" " ind2=" ">
    <subfield code="0">0</subfield>
    <subfield code="1">0</subfield>
    <subfield code="2">ddc</subfield>
    <subfield code="4">0</subfield>
    <subfield code="7">0</subfield>
    <subfield code="8">GEN</subfield>
    <subfield code="a">MECASARI</subfield>
    <subfield code="b">MECASARI</subfield>
    <subfield code="c">GEN</subfield>
    <subfield code="d">2024-11-10</subfield>
    <subfield code="l">0</subfield>
    <subfield code="o">634.304 - D87M </subfield>
    <subfield code="p">BM0001444</subfield>
    <subfield code="r">2024-11-10 10:35:06</subfield>
    <subfield code="t">Ej.1</subfield>
    <subfield code="w">2024-11-10</subfield>
    <subfield code="y">BK</subfield>
  </datafield>
  <datafield tag="952" ind1=" " ind2=" ">
    <subfield code="0">0</subfield>
    <subfield code="1">0</subfield>
    <subfield code="2">ddc</subfield>
    <subfield code="4">0</subfield>
    <subfield code="7">0</subfield>
    <subfield code="8">GEN</subfield>
    <subfield code="a">MEMAPJGA</subfield>
    <subfield code="b">MEMAPJGA</subfield>
    <subfield code="c">GEN</subfield>
    <subfield code="d">2025-11-06</subfield>
    <subfield code="l">0</subfield>
    <subfield code="o">634.304 D87m</subfield>
    <subfield code="p">MPJG00833</subfield>
    <subfield code="r">2025-11-06 21:43:52</subfield>
    <subfield code="t">Ej.1</subfield>
    <subfield code="w">2025-11-06</subfield>
    <subfield code="y">BK</subfield>
  </datafield>
</record>
